000 00379nam a22001577a 4500
003 macl
005 20150528151625.0
008 150528b xxu||||| |||| 00| 0 eng d
040 _cmacl
082 _a910
100 _aDas,Sisrkumar
_976
245 _aEarly Bengali Prose Carey to Vidyasagar
260 _aKolkata
_bKarigar
_c2013
650 _aTravalling
_977
942 _2ddc
_cBK
999 _c49752
_d49752